000 00427nam a2200157Ia 4500
008 230718s9999 xx 000 0 und d
041 _aeng
082 _a510
_bBAN
100 _aBandewar S.R.
245 _aEngineering Mathematics - II
260 _c2004
_bShantanu Prakashan
300 _a529
365 _cRs.
_b275.00
700 _aMoolchandani A.,Parulekar P. & Panajkar R.
906 _dB:1970501-Mar-2004
_cMATHS
_b41.25
999 _c306871
_d306871